Olympischer Medaillenspiegel - Leichtathletik - Statistiken

Allgemein
  • Dieses Quiz wurde 161 mal gespielt
    153 seit der letzten Aktualisierung
  • Das Durchschnittsergebnis liegt bei 12 aus 15
Antwortstatistiken
Gesamt Gold Silber Bronze Land % Korrekt
109 38 36 35 DDR
99%
83 19 26 38 Deutschland
99%
825 342 271 213 Vereinigte Staaten
99%
69 14 26 29 Frankreich
95%
65 24 15 26 Italien
87%
72 23 24 25 Russland
87%
207 55 83 69 Großbritannien
82%
66 16 16 34 Kanada
82%
86 27 34 25 Jamaika
76%
76 21 27 28 Australien
74%
84 21 22 41 Schweden
71%
103 34 41 28 Kenia
68%
66 28 21 17 Polen
67%
193 64 55 74 Sowjetunion
67%
114 48 35 31 Finnland
40%
Keine übereinstimmenden Quizze gefunden
Verteilung der Resultate
Anzahl Personen mit jedem Resultat
Perzentil nach korrekt beantworteten Fragen
Ihre Resultats-Entwicklung
Sie haben dieses Quiz seit der letzten Aktualisierung nicht gespielt